Statistics for Word Ladder #1

Click here to take the quiz!

General Stats

  • This quiz has been taken 70 times
  • The average score is 5 of 8

Answer Stats

Definition Word % Correct
See you _____, alligatorLATER
100%
A drink that the British enjoyTEA
88%
You can _____ something four starsRATE
75%
Opposite of wholesaleRETAIL
68%
Measure of whether a demographic can read or writeLITERACY
44%
A, an, or the, in EnglishARTICLE
42%
In a particular place or locationAT
36%
AbsolutelyCERTAINLY
24%

Score Distribution

Percentile by Number Answered

Percent of People with Each Score

Your Score History

You have not taken this quiz